[Event "Oberfranken-ch U16"]
[Site "Lichtenfels"]
[Date "2012.01.04"]
[Round "3.3"]
[White "Le, Duc Thuan"]
[Black "Strahl, Christian"]
[Result "0-1"]
[WhiteElo "1293"]
[BlackElo "1285"]
[PlyCount "118"]
[EventDate "2012.01.03"]
[EventType "swiss"]
[EventRounds "7"]
[EventCountry "GER"]
[SourceTitle "EXT 2019"]
[Source "ChessBase"]
[SourceDate "2018.10.10"]
[SourceVersion "1"]
[SourceVersionDate "2018.10.10"]
[SourceQuality "1"]

1. d4 Nf6 2. c4 g6 3. Nc3 d5 4. cxd5 Nxd5 5. e4 Nxc3 6. bxc3 Bg7 7. Bc4 c5 8. Ne2 Qa5 9. 0-0 0-0 10. Rb1 Nd7 11. Rb5 Qc7 12. Qd3 a6 13. Rb1 Nb6 14. d5 Nxc4 15. Qxc4 b5 16. Qb3 e6 17. Rd1 c4 18. Qa3 exd5 19. Rxd5 Bb7 20. Bf4 Qc8 21. Rc5 Qe6 22. f3 Rfd8 23. e5 Bf8 24. Nd4 Bxc5 25. Qxc5 Qc8 26. Qe7 Rd7 27. Qf6 Qd8 28. Bg5 Qxf6 29. Bxf6 Rc8 30. f4 Bc6 31. g3 Rb7 32. f5 gxf5 33. Nxf5 Be4 34. Ne7+ Rxe7 35. Re1 Re6 36. Rxe4 h5 37. Rh4 Rc5 38. Rd4 Rcxe5 39. Bxe5 Rxe5 40. Rd6 Re6 41. Rd5 Rh6 42. Kf2 Kg7 43. Kf3 Rf6+ 44. Ke4 Kg6 45. h4 Re6+ 46. Kd4 f6 47. a3 Re1 48. Rd6 Rd1+ 49. Kc5 Rxd6 50. Kxd6 Kf5 51. Kc6 Kg4 52. Kb6 Kxg3 53. Kxa6 f5 54. Kxb5 f4 55. a4 f3 56. a5 f2 57. Kxc4 f1Q+ 58. Kb4 Qa6 59. c4 Kf4 0-1

[Event "Oberfranken-ch"]
[Site "Schney"]
[Date "2011.01.05"]
[Round "5"]
[White "Gebhardt, Michael"]
[Black "Le, Duc Thuan"]
[Result "0-1"]
[WhiteElo "963"]
[BlackElo "1249"]
[PlyCount "46"]
[EventDate "2011.01.03"]
[EventType "swiss"]
[EventRounds "7"]
[EventCountry "GER"]
[SourceTitle "EXT 2022"]
[Source "ChessBase"]
[SourceDate "2021.10.06"]
[SourceVersion "1"]
[SourceVersionDate "2021.10.06"]
[SourceQuality "1"]

1. e4 e6 2. d4 d5 3. e5 c5 4. c3 Qb6 5. Ne2 Nc6 6. b3 f6 7. f4 Bd7 8. Be3 Rc8 9. c4 cxd4 10. Nxd4 Bb4+ 11. Kf2 fxe5 12. Nxc6 Qxc6 13. fxe5 Ne7 14. Bxa7 b6 15. cxd5 Qc5+ 16. Ke2 Bb5+ 17. Kf3 Rf8+ 18. Kg3 Qe3+ 19. Qf3 Be1+ 20. Kg4 h5+ 21. Kxh5 g6+ 22. Kg4 Qd4+ 23. Kh3 Rh8+ 0-1

[Event "Oberfranken-ch"]
[Site "Schney"]
[Date "2011.01.04"]
[Round "3"]
[White "Khalife, Hassan"]
[Black "Le, Duc Thuan"]
[Result "0-1"]
[WhiteElo "941"]
[BlackElo "1249"]
[PlyCount "98"]
[EventDate "2011.01.03"]
[EventType "swiss"]
[EventRounds "7"]
[EventCountry "GER"]
[SourceTitle "EXT 2022"]
[Source "ChessBase"]
[SourceDate "2021.10.06"]
[SourceVersion "1"]
[SourceVersionDate "2021.10.06"]
[SourceQuality "1"]

1. d4 Nf6 2. Nc3 d5 3. Bf4 e6 4. a3 a6 5. e3 c5 6. dxc5 Bxc5 7. Bg5 Nbd7 8. Bd3 0-0 9. Nf3 b5 10. 0-0 Bb7 11. b4 Bd6 12. g3 h6 13. Bxf6 Nxf6 14. Re1 Rc8 15. Qd2 e5 16. e4 Re8 17. exd5 Nxd5 18. Nxd5 Bxd5 19. Be4 Bxe4 20. Rxe4 f6 21. Rd1 Bf8 22. Qxd8 Rexd8 23. Rxd8 Rxd8 24. c4 Rd3 25. Ne1 Rxa3 26. cxb5 axb5 27. Nc2 Ra2 28. Ne1 Rb2 29. Nd3 Rb3 30. Nc5 Rb1+ 31. Kg2 Bd6 32. f4 f5 33. Re2 exf4 34. Re6 Bxc5 35. bxc5 fxg3 36. hxg3 Rc1 37. Re5 g6 38. c6 b4 39. Rb5 Rxc6 40. Rxb4 Kf7 41. Rb7+ Kf6 42. Rh7 Kg5 43. Kh3 Rc3 44. Kg2 h5 45. Rf7 Kg4 46. Rg7 g5 47. Rf7 Rxg3+ 48. Kh2 Rh3+ 49. Kg2 f4 0-1

[Event "Oberfranken-ch U14 0910"]
[Site "Schney"]
[Date "2010.01.03"]
[Round "2"]
[White "Gebhardt, Christian"]
[Black "Le, Duc Thuan"]
[Result "1/2-1/2"]
[WhiteElo "1235"]
[BlackElo "1201"]
[PlyCount "125"]
[EventDate "2010.01.03"]
[EventType "swiss"]
[EventRounds "7"]
[EventCountry "GER"]
[SourceTitle "EXT 2015"]
[Source "ChessBase"]
[SourceDate "2014.11.20"]
[SourceVersion "1"]
[SourceVersionDate "2014.11.20"]
[SourceQuality "1"]

1. e4 e6 2. d4 d5 3. exd5 exd5 4. Bd3 Bd6 5. Nc3 Nf6 6. Nge2 0-0 7. Bg5 Be6 8. Qd2 Nbd7 9. f3 a6 10. h4 c5 11. dxc5 Bxc5 12. 0-0-0 Bb4 13. Qf4 Be7 14. Rd2 Nc5 15. Be4 Bd6 16. Qe3 dxe4 17. Bxf6 Qxf6 18. Rxd6 exf3 19. Qxf3 Qxf3 20. gxf3 Rfe8 21. b3 Kf8 22. Rg1 g6 23. Nf4 Kg7 24. Nxe6+ Nxe6 25. Re1 Rad8 26. Rxd8 Rxd8 27. Ne4 Kh6 28. a4 Rd4 29. Rd1 Rxd1+ 30. Kxd1 Kh5 31. Nf6+ Kxh4 32. Nxh7 Kg3 33. b4 Kxf3 34. Ke1 f5 35. Nf6 Nd4 36. Kd2 g5 37. c3 Ne2 38. b5 axb5 39. axb5 g4 40. Nh5 g3 41. Nxg3 Nxg3 42. c4 Kg2 43. c5 f4 44. c6 b6 45. c7 Ne4+ 46. Kd3 Nd6 47. Kd4 f3 48. Kd5 Nc8 49. Kc6 f2 50. Kb7 Nd6+ 51. Kc6 f1Q 52. Kxd6 Qf4+ 53. Kc6 Qf6+ 54. Kb7 Qe7 55. Kxb6 Qd7 56. Kb7 Qxb5+ 57. Ka7 Qc6 58. Kb8 Qb6+ 59. Ka8 Qc6+ 60. Kb8 Qd6 61. Kb7 Qd7 62. Kb8 Qb5+ 63. Ka7 1/2-1/2